000 00317nam a2200121Ia 4500
008 190216s9999||||xx |||||||||||||| ||und||
100 _aBashkaran Pallikuruppu
245 0 _aAlakaladangatha Theeram
260 _b"Keyennam Publications, Palakkad"
_c1992
300 _a142p
650 _aMalayalam Nadakam
942 _cBK
999 _c26764
_d26764